| Tag |
First Indicator |
Second Indicator |
Subfields |
| LEADER |
00000pam a2200000 i 4500 |
| 001 |
in00000327489 |
| 005 |
20151011051210.0 |
| 008 |
780329s1978 nyua b 00110 eng |
| 010 |
|
|
|a 78006295
|
| 020 |
|
|
|a 012299650X
|
| 035 |
|
|
|a (OCoLC)03845040
|
| 035 |
|
|
|9 ABK7201AM
|
| 040 |
|
|
|a DLC
|c DLC
|d TXA
|d UtOrBLW
|
| 049 |
|
|
|a TXAM
|c [1156960]
|
| 050 |
0 |
0 |
|a T57.74
|b .G73
|
| 082 |
0 |
|
|a 001.4/24
|
| 100 |
1 |
|
|a Greenberg, Michael R.
|
| 245 |
1 |
0 |
|a Applied linear programming for the socioeconomic and environmental sciences /
|c Michael R. Greenberg.
|
| 264 |
|
1 |
|a New York :
|b Academic Press,
|c 1978.
|
| 300 |
|
|
|a xv, 327 pages :
|b illustrations ;
|c 24 cm.
|
| 336 |
|
|
|a text
|b txt
|2 rdacontent
|
| 337 |
|
|
|a unmediated
|b n
|2 rdamedia
|
| 338 |
|
|
|a volume
|b nc
|2 rdacarrier
|
| 490 |
1 |
|
|a Operations research and industrial engineering
|
| 504 |
|
|
|a Includes bibliographies and index.
|
| 650 |
|
0 |
|a Linear programming.
|
| 650 |
|
0 |
|a Social sciences
|x Linear programming.
|
| 650 |
|
0 |
|a Environmental engineering
|x Linear programming.
|
| 830 |
|
0 |
|a Operations research and industrial engineering.
|
| 999 |
|
|
|a MARS
|
| 999 |
f |
f |
|s e4a867b8-4dc7-3035-9edc-8a7e08718045
|i 65d0daad-e486-303e-bc6a-e6e36dee791c
|t 0
|
| 952 |
f |
f |
|p ric
|a Texas A&M University
|b Rellis Campus
|c Joint Library Facility
|d Remote Storage
|t 0
|e T57.74 .G73
|h Library of Congress classification
|i unmediated -- volume
|m 33620000621488
|
| 952 |
f |
f |
|p ric
|a Texas A&M University
|b Rellis Campus
|c Joint Library Facility
|d Remote Storage
|t 0
|e T57.74 .G73
|h Library of Congress classification
|i unmediated -- volume
|m A14805267109
|
| 998 |
f |
f |
|a T57.74 .G73
|t 0
|l Remote Storage
|
| 998 |
f |
f |
|a T57.74 .G73
|t 0
|l Remote Storage
|